000 00775nam a2200253 a 4500
005 20260322212055.0
008 data
010 _a 89216019
040 _aDLC
_cDLC
050 0 0 _aML420.A5833
_bA3 1989
082 0 0 _aB
_aB
_220
100 1 _aAllen, Rex,
_d1924-
245 1 0 _aMy life, sunrise to sunset /
_cRex Allen, Paula Simpson Witt & Snuff Garrett.
250 _a1st ed.
260 _aScottsdale, Ariz. (7136 Main Str., Scottsdale 85251) :
_bRexGarRus Press,
_cc1989.
300 _a126 p. :
_bill. (some col.) ;
_c29 cm.
500 _aAt head of title: The Arizona Cowboy.
600 1 0 _aAllen, Rex,
_d1924-
650 0 _aSingers
_xBiography.
_zUnited States
700 1 _aSimpson Witt, Paula.
700 1 _aGarrett, Snuff.
740 0 _aArizona Cowboy.
001 data
999 _c1300
_d1300